000 01680cam a22002178i 4500
003 OSt
005 20260519153532.0
008 150313s2016 ilu 000 0 eng c
020 _a9781138735132 (hbk.)
082 0 0 _a338.90014 ZIA
100 1 _aZiai, Aram
245 1 0 _aDevelopment discourse and global history :
_bfrom colonialism to the sustainable development goals /
_cAram Ziai.
260 _aNew York :
_bRoutledge,
_c2016.
300 _aviii, 244 p. ;
_c24 cm.
365 _bRS. 3,992.00
505 _a1. Introduction: the discourse of development; 2. Poststructuralism, discourse and power; 3. From "civilising mission' to 'development; 4. An archaeology of development knowledge; 5. The concept of development and why it should be abandoned; 6. Development discourse: appropriation and tactical polyvalence; 7. The transformation of development discourse: participation sustainability, heterogeneity; 8. From 'development'" to 'globalisation'; 9. World Bank discourse and poverty reduction; 10 'Development': projects, power and a poststructuralist perspective; 11. Millennium Development Goals: Back to the future?; 12. Justice, not development: Sen and the hegemonic framework for ameliorating global inequality; 13. Migration management as development aid? The IOM and the international migration and development initiative; 14. The post-2015 agenda and the Sustainable Development Goals: the persistence of development discourse; 15. Conclusion15 Conclusion: the contribution of discourse analysis to development studies.
650 0 _aEconomic development
650 0 _aGlobal history
650 0 _aSustainable development.
942 _2ddc
_cBK
999 _c115956
_d115956